| 000 | 00626cam a22002293a 4500 | ||
|---|---|---|---|
| 001 | 31529 | ||
| 003 | PGUSA | ||
| 005 | 20140828083700.0 | ||
| 008 | 100307s2010||||xxu|||||s|||||000 | eng d | ||
| 040 |
_aPGUSA _beng |
||
| 042 | _adc | ||
| 050 | 4 | _aHQ | |
| 100 | 1 | _aBraby, Maud Churton | |
| 245 | 1 | 0 |
_aModern marriage and how to bear it _h[electronic resource] / _cMaud Churton Braby |
| 260 |
_bProject Gutenberg, _c2010 |
||
| 506 | _aPublic domain in the USA. | ||
| 516 | _aElectronic text | ||
| 653 | _aMarriage | ||
| 830 | 0 |
_aProject Gutenberg _v31529 |
|
| 856 | 4 | 0 | _uhttp://www.gutenberg.org/ebooks/31529 |
| 942 | _cEB | ||
| 999 |
_c260784 _d260784 |
||